000 00407nam a2200169Ia 4500
008 210210b1925 xxu||||| |||| 00| 0 eng d
041 _aeng
082 _a829/1173
100 _aTYNAN (Katherine)
245 _aDear lady bountiful
260 _aLondon
_bWard Lock and Company Limited
_c1925
650 _alady
650 _aDear
650 _abountiful
690 _aEnglish Fiction
906 _a017784
999 _c137768
_d137768